| 000 | 01000nam a2200289 a 4500 | ||
|---|---|---|---|
| 001 | BRL_1361 | ||
| 005 | 20190320211152.0 | ||
| 008 | 090114s1993----fr-ao#####---#000-0#fre-# | ||
| 041 | _afre | ||
| 044 | _afr | ||
| 050 | 4 |
_aF1435.3 _b.C38 1993 |
|
| 100 | 1 |
_aCavaleri, Danielle _926648 |
|
| 245 | 1 | 0 |
_aArt textile des mayas _bmars 1993, Bibliotheque Forney, Hotel de Sens _cDanielle Cavaleri, Nathalie Cottin. |
| 260 |
_a[Paris] _bMeilleures Editions _c[1993] |
||
| 300 |
_a63 p. _bil. _c24 cm. |
||
| 500 | _aej.1 Au1564, ej.2 Au1630 | ||
| 500 | _aIncluye dedicatoria a Ruth Lechuga en el ejpmlar 1. | ||
| 500 | _aA la cabeza de la portada ´Mairie de Paris´ | ||
| 500 | _aLa biblioteca cuenta con 2 ejemplares | ||
| 650 | 1 | 4 |
_aMayas _vExposición _xIndustria textil _926649 |
| 650 | 1 | 4 |
_aMayas _vExposición _xTelas _926650 |
| 650 | 1 | 4 |
_aMayas _vExposición _xIndumentaria _926651 |
| 700 | 1 |
_aCottin, Nathalie _926652 |
|
| 710 | 2 |
_aBibliotheque Forney _926653 |
|
| 902 | _aGRL | ||
| 942 |
_2lcc _cB |
||
| 999 |
_c10173 _d10173 |
||